Science Quiz

Random Science Quiz

Simplifying Algebraic Expressions Quiz Stats

 Plays Quiz not verified by Sporcle

Score 0/9 Timer 10:00
0 Plays Today
Hint Answer % Correct
3x + 5 + 23x+7
100%
4x + 6x - 410x-4
97.8%
5a +2b - 2a3a+2b
94.4%
7y + 3 +4y + 411y+7
93.3%
x + y + 4x + 6y5x+7y
92.1%
6x - 5x + 8x9x
92.1%
10x - 5y - 2x + 6y8x+y
78.7%
4a + 2b + 7a - 3b11a-b
76.4%
3y+4x+7-y-3x+2x+2y+9
58.4%

You're not logged in!

Compare scores with friends on all Sporcle quizzes.
OR
Log In

Sporcle TV

Today on Sporcle TV


Watch our educational content, quiz creation guides, and fun videos on Sporcle TV.

Show Comments

Extras

Created Aug 31, 2017ReportNominate
Tags:Expression

Top Quizzes Today


Score Distribution

Your Account Isn't Verified!

In order to create a playlist on Sporcle, you need to verify the email address you used during registration. Go to your Sporcle Settings to finish the process.

Report this User

Report this user for behavior that violates our Community Guidelines.

Details: